| 000 | 00736cam a22002413a 4500 | ||
|---|---|---|---|
| 001 | 19397 | ||
| 003 | PGUSA | ||
| 005 | 20140828083418.0 | ||
| 008 | 060928s2006||||xxu|||||s|||||000 | eng d | ||
| 040 |
_aPGUSA _beng |
||
| 042 | _adc | ||
| 050 | 4 | _aBL | |
| 100 | 1 |
_aHurst, J. F. _q(John Fletcher), _d1834-1903 |
|
| 245 | 1 | 0 |
_aHistory of Rationalism Embracing a Survey of the Present State of Protestant Theology _h[electronic resource] / _cJ. F. Hurst |
| 260 |
_bProject Gutenberg, _c2006 |
||
| 506 | _aPublic domain in the USA. | ||
| 516 | _aElectronic text | ||
| 653 | _aRationalism -- History | ||
| 653 | _aProtestantism | ||
| 830 | 0 |
_aProject Gutenberg _v19397 |
|
| 856 | 4 | 0 | _uhttp://www.gutenberg.org/ebooks/19397 |
| 942 | _cEB | ||
| 999 |
_c248652 _d248652 |
||